| 000 | 01375nam a2200325 i 4500 | ||
|---|---|---|---|
| 003 | EG-GICUC | ||
| 005 | 20260121101330.0 | ||
| 008 | 251121b1993 ua ||||fr|||| 00| 0 ara d | ||
| 017 | _a٩٣/٢١٩٦ | ||
| 020 | _a977-04-0936-7 | ||
| 040 |
_a EG-GICUC _bara _c EG-GICUC _d EG-GICUC _erda |
||
| 041 | 0 | _aara | |
| 082 | 0 | 4 |
_221 _a345.31211 _bن ب . ن |
| 092 | 0 | 4 | _221 |
| 099 | _aLaw1 07 345.31211 ن ب . ن 1993 | ||
| 100 | 0 |
_aنبيله عبد الحليم كامل _eمؤلف. |
|
| 245 | 1 | 0 |
_aنحو قانون موحد لحماية البيئة : _b« دراسة في القانون المصرى المقارن مع عرض لمشروع قانون البيئة الموحد » / _cالدكتورة / نبيله عبد الحليم كامل. |
| 264 | 1 |
_aالقاهرة : _bدار النهضة العربية، _c1993. |
|
| 300 |
_a435 ؛صفحة _b _c24 سم. |
||
| 336 |
_2rda content _atext |
||
| 337 |
_2rda media _aComputer |
||
| 338 |
_2rda carrier _aOnline Resource |
||
| 504 | _aيشتمل على إرجاعات ببليوجرافية. | ||
| 546 | _aالنص أغلبه باللغة العربية مع بعض النصوص الفرنسية | ||
| 650 | 1 | 4 | _aتشريعات البيئة |
| 650 | 1 | 4 | _aالقانون الإداري |
| 856 | 4 | 0 | _uhttps://fll.law.cu.edu.eg/fulltext/bks/B07-01047.pdf |
| 905 |
_a32 _eYara |
||
| 942 |
_2ddc _cBK _e21 _n0 |
||
| 999 |
_c45241 _d45241 |
||